000 00280nam a2200109Ia 4500
008 180205s9999 xx 000 0 und d
020 _a893143507x
100 _aLim, Angelica
245 _aDreamweaver :
_bMx2004 accelerated/
260 _aKorea
_bKorea
_c2004
300 _a312 pages
999 _c354667
_d354667